| 000 | 00699nam a22001577a 4500 | ||
|---|---|---|---|
| 003 | OSt | ||
| 005 | 20160518104703.0 | ||
| 008 | 160518b xxu||||| |||| 00| 0 eng d | ||
| 040 | _cRUA | ||
| 082 | _aHEN 2007 B470 Or.1 | ||
| 100 |
_98381 _aHENG SEYHA; ហេង សីហា |
||
| 245 | _aEffect of different fertilizer on rice yield of ir66 variety in mokkampoul district, kandal province; ឥទ្ធិពលជីផ្សេងគ្នាទៅលើទិ្នផលពូជស្រុវ អ៊ីអ៊ែ ៦៦ នៅស្រុកមុខកំពូល ខេត្តកណ្ដាល | ||
| 260 |
_aPhnom Penh _bRUA _c2007 |
||
| 300 |
_axv;54p. _bill. _c29cm. |
||
| 942 |
_2ddc _cAGR |
||
| 999 |
_c8028 _d8028 |
||